00803cam a2200265 i 4500003000400000005001700004008004100021020001700062040001800079041000800097050002000105100002900125245003600154250001100190260004700201300001900248336002200267337002400289338002400313650004300337650007300380650005200453942001500505999001700520OSt20260530115318.0260508b2022 mx a|||| |||| 00| 0 spa d a976078059423 aICIbspacICI aspa aN6537bF45 2022 aRita Eder eautor934010 aHomenaje a Manuel Felguérez / a1a ed. aMéxico :bDr. Academia de Artes,c 2022. a47 páginas : 2rdacontentatexto 2rdamediaasin medio 2rdacarrieravolumen aFelguérez, ManuelvHomenajes.934011 aArte contemporáneovExposiciones y catálogos.x México 934012 aPintura abstractavEstudios y crítica.934013 2lcccBKn1 c13669d13669